000 00410 a2200157 4500
003 OSt
005 20180116182639.0
008 160506b xxu||||| |||| 00| 0 eng d
020 _a9837202971
040 _c0
100 _aGary E
245 _aDocumenting quality for ISO 9000 and other industry standards.
_cGary E.
260 _aKuala Lumpur
_c1996.
300 _a231p
942 _aNBS
_cBK
_k658.562 MAC
_2ddc
999 _c343339
_d343339